Car Models 15 - Statistics

General Stats
  • This quiz has been taken 32 times
    10 since last reset
  • The average score is 10 of 16
Answer Stats
Picture Answer % Correct
Nissan Silvia S15
88%
Toyota Prius
88%
Koenigsegg Agera
75%
Ferrari F80
63%
Ford Sierra
63%
Jaguar E-Type
63%
Lamborghini Espada
63%
Land Rover Evoque
63%
Lotus Exige
63%
Mazda CX-5
63%
Rolls Royce Wraith
63%
Volkswagen Golf Mk3 GTI
63%
GMC Sierra
50%
Infiniti G37
38%
Lincoln Continental
38%
Mclaren Artura
38%
No matching quizzes found
Score Distribution
Percent of People with Each Score
Percentile by Number Answered
Your Score History
You have not taken this quiz since the last reset